| 000 | 00716nam a2200277Ia 4500 | ||
|---|---|---|---|
| 005 | 20260324140541.0 | ||
| 008 | 008 260324s9999 xx 000 0 eng d | ||
| 020 | _a9781003423782 | ||
| 037 | _aEBOOK | ||
| 040 | _aCRL | ||
| 040 | _beng | ||
| 040 | _cCRL | ||
| 041 | _2eng | ||
| 041 | _aeng | ||
| 084 | _qCRL | ||
| 100 |
_aL G Copping; GK Dixon and D.J. Livingstone (Eds); DJ Livingstone _91204827 |
||
| 245 | 0 | _aGenomics: commercial opportunities from a scientific revolution | |
| 260 | _bTaylor and Francis | ||
| 260 | _c1998 | ||
| 365 | _a | ||
| 365 | _b325 | ||
| 856 | _uhttp://www.taylorfrancis.com/books/9781003423782 | ||
| 942 | _cEBOOK | ||
| 999 |
_c1807017 _d1807017 |
||